000 00293nam a22001217a 4500
008 171031b xxu||||| |||| 00| 0 eng d
041 _aeng
080 _22ND
_a33
100 _a58
101 _aBUS
245 _aMODERN MATHEMATICS FOR BUSINESS DECISION MAKING
_cWILLIAMS,D.R
942 _2udc
_cBK
999 _c36701
_d36701